000 00779nam a2200205Ii 4500
003 JO-AjNU
008 230605s9999||||xx |||||||||||||| ||und||
017 _a1134
040 _aJO-AjNU
_bara
_erda
_cJO-AjNU
041 _aara
050 1 4 _aQA76.5 1983
100 3 _aبارون، روبرت / ترجمة عبد رضا الفائز ؛ مراجعة داخل حسن جريو,
_eauthor
_99012
245 0 0 _aالمنطق الرقمي وعمل الحاسبة الالكترونية
264 3 1 _aالبصرة:جامعة البصرة ، 1983
300 _a513ص
336 _atext
_btxt
_2rdacontent
337 _aunmediated
_bn
_2rdamedia
338 _avolume
_bnc
_2rdacarrier
650 4 _aالحاسبات الالكترونية -المنطق الرمزي والرياضي
_99013
999 _aA1082
_c4650
_d4650